000 00366nam a2200157Ia 4500
003 Ost
005 20260225132543.0
008 260225s9999||||xx |||||||||||||| ||und||
040 _cfsic
041 _afre
082 _a440
100 _aG.R.E.S Mo
_eAuteur
245 0 _aL'industrrialisation du bassin mèditerranéen /
245 0 _cG.R.E.S Mo
942 _cكتاب
999 _c33663
_d33663